Sociology: A guide to problems and literature (Record no. 344365)

MARC details
000 -LEADER
fixed length control field 005250000a22001930004500
005 - DATE AND TIME OF LATEST TRANSACTION
control field 20120302054001.0
040 ## - CATALOGING SOURCE
Original cataloging agency ENG
100 ## - MAIN ENTRY--PERSONAL NAME
Personal name Bottomere,T.B.
245 ## - TITLE STATEMENT
Title Sociology: A guide to problems and literature
260 ## - PUBLICATION, DISTRIBUTION, ETC. (IMPRINT)
Place of publication, distribution, etc London:The English Language Book Society and George Allen and Unwin Ltd.,1964.
300 ## - PHYSICAL DESCRIPTION
Extent 331p
365 ## - TRADE PRICE
Price amount Rs.
490 ## - SERIES STATEMENT
Series statement Unwin University Books 13
650 ## - SUBJECT ADDED ENTRY--TOPICAL TERM
Topical term or geographic name as entry element Sociology
650 ## - SUBJECT ADDED ENTRY--TOPICAL TERM
Topical term or geographic name as entry element Literature-Sociology
650 ## - SUBJECT ADDED ENTRY--TOPICAL TERM
Topical term or geographic name as entry element Population
650 ## - SUBJECT ADDED ENTRY--TOPICAL TERM
Topical term or geographic name as entry element Social Institution
942 ## - ADDED ENTRY ELEMENTS (KOHA)
Koha item type Book
Holdings
Withdrawn status Lost status Damaged status Not for loan Home library Current library Date acquired Total Checkouts Barcode Date last seen Price effective from
        Institute For Oriental Study, Thane Institute For Oriental Study, Thane 12/02/2009   IOS-8894 12/02/2009 12/02/2009